000 00580nam a2200217Ia 4500
003 OSt
005 20220924143204.0
006 a|||||r|||| 00| 0
007 ta
008 220923b |||||||| |||| 00| 0 urd d
024 _a307092
037 _cTextual
040 _aARTS
_cARTS
_burd
041 _2urd
_aurd
082 _aO15,2D40,13, 168G8
100 _aJosh Jagdish Chandra
_9215001
245 0 _aKalidas aur rudya
650 _aSANSKRIT LITERATURE
942 _hO15,2D40,13, 168G8
_cTEXL
_2CC
999 _c453508
_d453508